000 00422cam a2200157ua 4500
041 _ahin
_h
082 _a891.54
_bPAD/RA
100 _aPadmasingh, Sharma .
245 0 0 _aRaja Radhikaraman prasadsingh /
_cKamlesh pademasingh padmasingh.
_hTextual Documents
260 _aDelhi :
_bBansal and company ,
_c1961.
300 _a274 ; .
504 _a
700 1 _akamelesh, .
999 _c12325
_d12325